000 00501nam a2200181Ia 4500
005 20250603144847.0
008 250603s9999 xx 000 0 und d
020 _a9789811969454
050 _aTJ 7 .E44/
100 _aEdited by Li Xianguo, Rashidi M. Mohammad, Lather S. Rohit, Raman Roshan.
245 0 _aEmerging trends in mechanical and industrial engineering
260 _aSingapore
260 _bSpringer
260 _c2023
300 _a1090 p
650 _aSingapore
942 _cBK
999 _c40169
_d40169